000 00585nam a2200217Ia 4500
003 OSt
005 20220928135420.0
006 a|||||r|||| 00| 0
007 ta
008 220927b |||||||| |||| 00| 0 eng d
024 _a2025
037 _cTextual
040 _aSDCL
_cSDCL
_beng
041 _2eng
_aeng
082 _aO-:g(R5), L8
100 _aManca Marie Antoinetta
_9490513
245 0 _aHarmony and the poet
_b The creative ordering of reality
260 _c1978
942 _hO-:g(R5), L8
_cTEXL
_2CC
999 _c805836
_d805836